| 000 | 00837nam a22002297a 4500 | ||
|---|---|---|---|
| 999 |
_c3084 _d3084 |
||
| 003 | AR-CdUCM | ||
| 008 | 190305b ||||| |||| 00| 0 spa d | ||
| 040 |
_aMUNICIPALIDAD PROVINCIAL DEL CUSCO _cBIBLIOTECA MUNICIPAL DEL CUSCO |
||
| 082 |
_a869.56 / _bH43 |
||
| 100 |
_aHernández Calderón, José _910449 |
||
| 245 | _aLas huellas del verano / | ||
| 260 |
_aIca : _bImp. PANTA, _c1978. |
||
| 300 |
_a34 páginas ; _c20.5 cm. |
||
| 500 | _aDonación de la familia Nieto. Tercer puesto del "Primer Festival Poético" de la Vendimia Iqueña 1978, organizado por la Universidad Nacional "San Luis Gonzaga". | ||
| 650 |
_aPoesía peruana _9806 |
||
| 650 |
_aPoetas peruanos _91611 |
||
| 650 |
_aJosé Hernández Calderón _910450 |
||
| 650 |
_aSiglo XX _98 |
||
| 650 |
_aPoesía - Ica _910451 |
||
| 942 |
_2ddc _cLIBROS |
||
| 945 | _alccs | ||